Legal research and writing : (Record no. 1269177)
[ view plain ]
| 000 -LEADER | |
|---|---|
| fixed length control field | 00791nam a22002537a 4500 |
| 005 - DATE AND TIME OF LATEST TRANSACTION | |
| control field | 20250319162311.0 |
| 008 - FIXED-LENGTH DATA ELEMENTS--GENERAL INFORMATION | |
| fixed length control field | 250319b |||||||| |||| 00| 0 eng d |
| 020 ## - INTERNATIONAL STANDARD BOOK NUMBER | |
| International Standard Book Number | 9789391211042 |
| 037 ## - SOURCE OF ACQUISITION | |
| Terms of availability | TB |
| 040 ## - CATALOGING SOURCE | |
| Original cataloging agency | LCT |
| Transcribing agency | LCT |
| 041 ## - LANGUAGE CODE | |
| Source of code | eng |
| Language code of accompanying material other than librettos and transcripts | eng |
| Language code of original | eng |
| 084 ## - COLON CLASSIFICATION NUMBER | |
| Classification number | Z:f R3 |
| 245 ## - TITLE STATEMENT | |
| Title | Legal research and writing : |
| Remainder of title | new perspectives/ |
| 260 ## - PUBLICATION, DISTRIBUTION, ETC. | |
| Place of publication, distribution, etc. | Gurgaon, India: |
| Name of publisher, distributor, etc. | Lexis Nexis, |
| Date of publication, distribution, etc. | 2023 |
| 300 ## - PHYSICAL DESCRIPTION | |
| Extent | xxxv, 460p. |
| 650 ## - SUBJECT ADDED ENTRY--TOPICAL TERM | |
| Topical term or geographic name entry element | Legal composition |
| 9 (RLIN) | 747398 |
| 650 ## - SUBJECT ADDED ENTRY--TOPICAL TERM | |
| Topical term or geographic name entry element | Legal research India |
| 9 (RLIN) | 747399 |
| 650 ## - SUBJECT ADDED ENTRY--TOPICAL TERM | |
| Topical term or geographic name entry element | Law |
| 650 ## - SUBJECT ADDED ENTRY--TOPICAL TERM | |
| Topical term or geographic name entry element | Research Methodology |
| 9 (RLIN) | 237789 |
| 650 ## - SUBJECT ADDED ENTRY--TOPICAL TERM | |
| Topical term or geographic name entry element | Research writing |
| 9 (RLIN) | 747400 |
| 700 ## - ADDED ENTRY--PERSONAL NAME | |
| Personal name | Sinha, Manoj Kumar, ed. |
| 9 (RLIN) | 747401 |
| 700 ## - ADDED ENTRY--PERSONAL NAME | |
| Personal name | Kharb, Deepa, ed. |
| 9 (RLIN) | 747402 |
| 942 ## - ADDED ENTRY ELEMENTS (KOHA) | |
| Source of classification or shelving scheme | Colon Classification (CC) |
| Koha item type | Textbook |
| Classification part | Z:f R3 |
| Suppress in OPAC | No |
| Withdrawn status | Lost status | Source of classification or shelving scheme | Damaged status | Not for loan | Collection | Home library | Current library | Date acquired | Source of acquisition | Cost, normal purchase price | Inventory number | Total Checkouts | Full call number | Barcode | Date last seen | Price effective from | Koha item type |
|---|---|---|---|---|---|---|---|---|---|---|---|---|---|---|---|---|---|
| Colon Classification (CC) | Not For Loan | Non-fiction | Law Centre-II Library | Law Centre-II Library | 2025-03-19 | Singhal | 750.00 | 2716/09.01.2025 | Z:f R3 | LT0028940 | 2025-03-19 | 2025-03-19 | Textbook |
